000 00343nam a22001457a 4500
008 230320b ||||| |||| 00| 0 eng d
020 _a9780195392883
041 _aeng
080 _2THIRD EDITION
_a030
082 _a030STE
100 _a42
101 _aENCIKLO
245 _aNEW OXFORD AMERICAN DICTIONARY
_cSTEVENSON A
942 _2udc
_cBK
999 _c59403
_d59403